[Event "CRO-chT3 Center-A"]
[Site "Zagreb"]
[Date "2011.10.16"]
[Round "9.55"]
[White "Ostojic, Vladimir"]
[Black "Krklec, Josip"]
[Result "1-0"]
[WhiteElo "2005"]
[BlackElo "2116"]
[PlyCount "89"]
[EventDate "2011.03.13"]
[EventType "team-tourn"]
[EventRounds "11"]
[EventCountry "CRO"]
[SourceTitle "EXT 2014"]
[Source "ChessBase"]
[SourceDate "2013.11.20"]
[SourceVersion "1"]
[SourceVersionDate "2013.11.20"]
[SourceQuality "1"]

1. c4 Nf6 2. Nc3 g6 3. g3 Bg7 4. Bg2 d6 5. e3 0-0 6. Nge2 c6 7. 0-0 e5 8. d4 Qc7 9. h3 Re8 10. b3 Nbd7 11. Bb2 Nf8 12. d5 c5 13. Rc1 a6 14. Qd2 Rb8 15. Kh2 b5 16. cxb5 axb5 17. e4 b4 18. Nd1 Qe7 19. Rc2 Kh8 20. Bc1 Ng8 21. Qd3 f5 22. Ne3 fxe4 23. Bxe4 Bd7 24. Ng1 Bb5 25. Nc4 Nd7 26. Nf3 Ngf6 27. Ng5 Nxe4 28. Nxe4 h6 29. Be3 Nf6 30. Nxf6 Qxf6 31. Qe4 Bd7 32. g4 Kh7 33. f3 Rf8 34. Rcf2 Bb5 35. Rc1 Rf7 36. Rcc2 Ra7 37. Kg3 Qe7 38. h4 Bxc4 39. Rxc4 Qf7 40. h5 Bf6 41. Rh2 Bg7 42. Rc1 Rba8 43. Rch1 Rxa2 44. hxg6+ Qxg6 45. Rxh6+ 1-0

[Event "Zagreb op-B"]
[Site "Zagreb"]
[Date "2011.04.12"]
[Round "2"]
[White "Jelecevic, Ivo"]
[Black "Ostojic, Vladimir"]
[Result "1-0"]
[WhiteElo "2183"]
[BlackElo "2039"]
[PlyCount "75"]
[EventDate "2011.04.11"]
[EventType "swiss"]
[EventRounds "9"]
[EventCountry "CRO"]
[SourceTitle "CBM 141 Extra"]
[Source "ChessBase"]
[SourceDate "2011.05.03"]
[SourceVersion "1"]
[SourceVersionDate "2011.05.03"]
[SourceQuality "1"]

1. e4 d5 2. exd5 Qxd5 3. Nc3 Qd8 4. d4 Nf6 5. Bc4 e6 6. Nf3 Be7 7. Bg5 c6 8. Qe2 Nd5 9. Bxe7 Nxe7 10. 0-0-0 Nd5 11. Ne4 b5 12. Bb3 a5 13. a4 b4 14. Ne5 0-0 15. h4 Qc7 16. h5 f6 17. Nd3 h6 18. Nec5 Re8 19. Rhe1 Nf4 20. Nxf4 Qxf4+ 21. Kb1 Kh8 22. g3 Qd6 23. Qg4 Ra7 24. Qg6 Rae7 25. c3 Nd7 26. Nxd7 Qxd7 27. Bc2 f5 28. g4 Rf8 29. gxf5 exf5 30. Rxe7 Qxe7 31. Qxc6 bxc3 32. Qxc3 Qd8 33. d5 Rf6 34. d6 Rf7 35. Qe5 Bd7 36. f4 Rf6 37. Qe7 Qc8 38. Rg1 1-0

[Event "CRO-chT3A Center"]
[Site "Zagreb"]
[Date "2010.11.07"]
[Round "10.65"]
[White "Cvitkovic, Filip"]
[Black "Ostojic, Vladimir"]
[Result "0-1"]
[WhiteElo "1857"]
[BlackElo "2009"]
[PlyCount "120"]
[EventDate "2010.03.21"]
[EventType "team-tourn"]
[EventRounds "11"]
[EventCountry "CRO"]
[SourceTitle "EXT 2012"]
[Source "ChessBase"]
[SourceDate "2011.11.24"]
[SourceVersion "1"]
[SourceVersionDate "2011.11.24"]
[SourceQuality "1"]

1. d4 Nf6 2. c4 g6 3. Nc3 d5 4. cxd5 Nxd5 5. e4 Nxc3 6. bxc3 Bg7 7. Bc4 c5 8. Ne2 cxd4 9. cxd4 Nc6 10. Be3 0-0 11. 0-0 Na5 12. Bd3 b6 13. Rc1 Bb7 14. Qd2 Nc6 15. Bb1 Rc8 16. Rfd1 Re8 17. f4 Na5 18. Rxc8 Qxc8 19. Rc1 Qd7 20. f5 Ba6 21. Bd3 Bxd3 22. Qxd3 e6 23. fxe6 Rxe6 24. d5 Re8 25. Bf4 Be5 26. Bxe5 Rxe5 27. Qd4 f6 28. Rd1 Qd6 29. Nf4 Nb7 30. Nd3 Re7 31. Re1 Na5 32. Rf1 Rf7 33. Rf3 Nc6 34. Qc3 Ne7 35. Qd2 f5 36. exf5 Rxf5 37. Rxf5 Nxf5 38. Nf4 Kf7 39. Ne6 h5 40. h3 Qe5 41. Kf2 Qg3+ 42. Kg1 Qe3+ 43. Qxe3 Nxe3 44. Nf4 g5 45. Nxh5 Nxd5 46. Kf2 b5 47. Kg3 Kg6 48. Kg4 Ne3+ 49. Kf3 Nxg2 50. Ng3 Nh4+ 51. Ke4 b4 52. Kd4 Nf5+ 53. Nxf5 Kxf5 54. Kc4 Kf4 55. Kxb4 Kg3 56. a4 Kxh3 57. a5 g4 58. a6 g3 59. Kc5 g2 60. Kc6 g1Q 0-1

[Event "Zagreb op-B"]
[Site "Zagreb"]
[Date "2009.03.21"]
[Round "1"]
[White "Ostojic, Vladimir"]
[Black "Bozanic, Ivica"]
[Result "0-1"]
[WhiteElo "2003"]
[BlackElo "2270"]
[PlyCount "114"]
[EventDate "2009.03.21"]
[EventType "swiss"]
[EventRounds "9"]
[EventCountry "CRO"]
[SourceTitle "CBM 129 Extra"]
[Source "ChessBase"]
[SourceDate "2009.05.05"]
[SourceVersion "2"]
[SourceVersionDate "2009.05.20"]
[SourceQuality "1"]

1. c4 f5 2. Nc3 Nf6 3. Nf3 d6 4. d4 g6 5. g3 Bg7 6. Bg2 0-0 7. 0-0 Nc6 8. Bg5 Ne4 9. Rc1 Nxg5 10. Nxg5 Nxd4 11. e3 h6 12. exd4 hxg5 13. Re1 e5 14. Bd5+ Kh7 15. dxe5 dxe5 16. c5 c6 17. Bc4 Qf6 18. Rc2 Rd8 19. Rd2 Be6 20. Bxe6 Rxd2 21. Qxd2 Qxe6 22. Qxg5 Bf6 23. Qe3 Rd8 24. b3 Rd7 25. Rd1 Rxd1+ 26. Nxd1 Qd5 27. Nc3 Qd4 28. Qxd4 exd4 29. Na4 Kg7 30. Kf1 Kf7 31. Ke2 Ke6 32. Kd3 Kd5 33. b4 Bd8 34. f3 b6 35. a3 Bc7 36. f4 Bd8 37. h4 Bc7 38. cxb6 axb6 39. Nb2 b5 40. Nd1 Bd6 41. Nf2 Be7 42. Kc2 Bd6 43. Kd3 c5 44. bxc5 Bxc5 45. g4 Bxa3 46. gxf5 gxf5 47. h5 Bf8 48. Kc2 Bh6 49. Nd3 Ke4 50. Nc5+ Ke3 51. Ne6 b4 52. Nc7 d3+ 53. Kd1 b3 54. Nb5 b2 55. Nc3 Kd4 56. Nb5+ Kc4 57. Na3+ Kb3 0-1

[Event "Zagreb Koncar"]
[Site "Zagreb"]
[Date "2001.01.09"]
[Round "3"]
[White "Takac, Zvonko"]
[Black "Ostojic, Vladimir"]
[Result "1/2-1/2"]
[WhiteElo "2160"]
[BlackElo "2069"]
[PlyCount "115"]
[EventDate "2001.01.??"]
[EventType "swiss"]
[EventRounds "11"]
[EventCountry "CRO"]
[SourceTitle "EXT 2004"]
[Source "ChessBase"]
[SourceDate "2003.11.25"]
[SourceVersion "1"]
[SourceVersionDate "2003.11.25"]
[SourceQuality "1"]

1. d4 d5 2. c4 e6 3. Nf3 Nf6 4. Nc3 b6 5. Bg5 Bb7 6. cxd5 exd5 7. e3 Be7 8. Rc1 Nbd7 9. Be2 Rc8 10. 0-0 0-0 11. Nb5 a6 12. Na7 Ra8 13. Nc6 Bxc6 14. Rxc6 Bd6 15. Qb3 h6 16. Bh4 Nb8 17. Rc2 g5 18. Bg3 Bxg3 19. hxg3 Qd6 20. Rfc1 Rc8 21. Ne5 c5 22. Qd3 c4 23. Qf5 Qe6 24. Bg4 Nxg4 25. Nxg4 Kg7 26. Qxe6 fxe6 27. Ne5 Rc7 28. g4 Nd7 29. Nxd7 Rxd7 30. f4 Rf8 31. g3 b5 32. Kf2 b4 33. Kf3 Rb7 34. Rh2 Kg6 35. Rch1 Rh7 36. e4 a5 37. Ke3 Rfh8 38. f5+ exf5 39. gxf5+ Kf6 40. g4 dxe4 41. Kxe4 Kg7 42. Kd5 Rc8 43. Ke6 c3 44. bxc3 Rxc3 45. d5 Re3+ 46. Kd6 Re4 47. Rc1 Kf6 48. Rc7 Rh8 49. Rg2 h5 50. gxh5 Rxh5 51. Kc5 g4 52. d6 Rxf5+ 53. Kc6 Rc4+ 54. Kd7 Rd4 55. Kc6 Rfd5 56. d7 Rd6+ 57. Kc5 Kg5 58. Kb5 1/2-1/2

[Event "Zagreb op"]
[Site "Zagreb"]
[Date "1998.01.04"]
[Round "2"]
[White "Ostojic, Vladimir"]
[Black "Brumen, Dinko"]
[Result "0-1"]
[WhiteElo "2135"]
[BlackElo "2385"]
[PlyCount "42"]
[EventDate "1998.01.03"]
[EventType "swiss"]
[EventRounds "9"]
[EventCountry "CRO"]
[SourceTitle "CBM 062 Extra"]
[Source "ChessBase"]
[SourceDate "1998.03.09"]
[SourceVersion "1"]
[SourceVersionDate "1998.03.09"]
[SourceQuality "1"]

1. c4 e6 2. Nf3 Nf6 3. Nc3 d5 4. e3 Be7 5. d4 0-0 6. g3 dxc4 7. Ne5 c5 8. Bg2 Nc6 9. Nxc6 bxc6 10. Bxc6 Rb8 11. dxc5 Qc7 12. Bf3 Qxc5 13. 0-0 Rd8 14. Qc2 Nd5 15. Ne4 Qc7 16. a3 Bb7 17. Bd2 f5 18. Nc3 Nxc3 19. Bxb7 Ne2+ 20. Kg2 Qxb7+ 21. f3 Qxb2 0-1